000 00304nam a22001337a 4500
999 _c14841
_d14841
020 _a9813045078
082 _a664
_bJAY/MO
100 _aJay,James.M
_9429
245 _aModern Food Microbiology
250 _a4
260 _aNew Delhi
_bCBS Publishers & Distributors
_c2005
300 _a701
942 _cBK